Logo BPK

Biblioteka

Politechniki Koszalińskiej

Kodeks handlowy z komentarzem : (Rekord nr 29875)

Szczegóły MARC
000 -ETYKIETA REKORDU
podpole kontrolne o stałej długości 00591nam a2200181 i 4500
001 - NUMER KONTROLNY REKORDU
pole kontrolne bg
020 ## - MIĘDZYNARODOWY ZNORMALIZOWANY NUMER KSIĄŻKI - ISBN
ISBN 8385731024
040 ## - ŹRÓDŁO KATALOGOWANIA
Instytucja, która utworzyła rekord BPK
041 ## - KOD JĘZYKA
Kod języka tekstu pol
080 ## - UNIWERSALNA KLASYFIKACJA DZIESIĘTNA - UKD
UKD 347.7(094.4)
920 ## - Międzynarodowy znormalizowany numer książki – ISBN
ISBN 83-85731-02-4
008 - POLE O STAŁEJ DŁUGOŚCI - DANE KONTROLNE
podpole kontrolne o stałej długości s pl f |000 0 pol
245 #0 - TYTUŁ/ODPOWIEDZIALNOŚĆ
Tytuł Kodeks handlowy z komentarzem :
Ciąg dalszy tytułu orzecznictwo Sądu Najwyższego w zakresie prawa handlowego : wzory dokumentów : [wybór z pracy Maurycego Allerhanda].
Oznaczenie części/sekcji dzieła T. 2.
250 ## - STREFA WYDANIA
Oznaczenie wydania Stan prawny na dzień 1.07.1993 r. Wyd. 8 popr. i uzup.
260 ## - STREFA ADRESU WYDAWNICZEGO
Miejsce wydania Bydgoszcz :
Nazwa wydawcy/dystrybutora OPO,
Data publikacji, dystrybucji/powstania dokumentu 1993.
300 ## - STREFA OPISU FIZYCZNEGO
Objętość 446 s. ;
Rozmiary 21 cm.
856 ## - LOKALIZACJA I DOSTĘP DO ELEKTRONICZNYCH DOKUMENTÓW ZDALNYCH
Link (URL) http://koha.tu.koszalin.pl/cgi-bin/koha/opac-detail.pl?biblionumber=29875
Tekst linku Katalog online BPK
942 ## - DODATKOWE ELEMENTY (KOHA)
Typ dokumentu Książka
Egzemplarze
Wycofany Status egzemplarza Uszkodzony Dostępność Lokalizacja stała Lokalizacja bieżąca Miejsce przechowywania Sygnatura Kod kreskowy Typ dokumentu
      Dostępny Biblioteka Politechniki Koszalińskiej Biblioteka Politechniki Koszalińskiej Wypożyczalnia BG 36285 01802528 Książka
© 2023 Biblioteka Politechniki Koszalińskiej :: KOHA